ARRUPE JESUIT UNIVERSITY

CORONAVIRUS -STOP THE SPREAD - CLEAN,DISINFECT,COVER

Women in Igbo life and thought / (Record no. 118571)

MARC details
000 -LEADER
fixed length control field 01291cam a22003494a 4500
001 - CONTROL NUMBER
control field 11768880
003 - CONTROL NUMBER IDENTIFIER
control field ARRUPE
005 - DATE AND TIME OF LATEST TRANSACTION
control field 20131107131437.0
008 - FIXED-LENGTH DATA ELEMENTS--GENERAL INFORMATION
fixed length control field 990803s2000 enkabf b 001 0 eng
010 ## - LIBRARY OF CONGRESS CONTROL NUMBER
LC control number 99040300
020 ## - INTERNATIONAL STANDARD BOOK NUMBER
International Standard Book Number 0415227038
020 ## - INTERNATIONAL STANDARD BOOK NUMBER
International Standard Book Number 0415227046
035 ## - SYSTEM CONTROL NUMBER
System control number (DLC) 99040300
040 ## - CATALOGING SOURCE
Original cataloging agency DLC
Transcribing agency DLC
Modifying agency DLC
042 ## - AUTHENTICATION CODE
Authentication code pcc
043 ## - GEOGRAPHIC AREA CODE
Geographic area code f-nr---
050 00 - LIBRARY OF CONGRESS CALL NUMBER
Classification number DT515.45.I33
Item number A35 2000
082 00 - DEWEY DECIMAL CLASSIFICATION NUMBER
Classification number 305.48/896332
Edition number 21
300 ## - PHYSICAL DESCRIPTION
Other physical details ill., maps ;
Dimensions 23 cm.
100 1# - MAIN ENTRY--PERSONAL NAME
Personal name Agbasiere, Joseph Thérèse,
Dates associated with a name 1929-1998.
9 (RLIN) 3467
245 10 - TITLE STATEMENT
Title Women in Igbo life and thought /
Statement of responsibility, etc Joseph Thérèse Agbasiere ; with a biographical note by Shirley Ardener.
260 ## - PUBLICATION, DISTRIBUTION, ETC. (IMPRINT)
Place of publication, distribution, etc London ;
-- New York :
Name of publisher, distributor, etc Routledge,
Date of publication, distribution, etc 2000.
300 ## - PHYSICAL DESCRIPTION
Extent xxviii, 188 p., [5] p. of plates :
504 ## - BIBLIOGRAPHY, ETC. NOTE
Bibliography, etc Includes bibliographical references (p. [175]-182) and index.
650 #0 - SUBJECT ADDED ENTRY--TOPICAL TERM
Topical term or geographic name as entry element Women, Igbo.
9 (RLIN) 3468
650 #0 - SUBJECT ADDED ENTRY--TOPICAL TERM
Topical term or geographic name as entry element Philosophy, Igbo.
9 (RLIN) 3469
700 1# - ADDED ENTRY--PERSONAL NAME
Personal name Ardener, Shirley.
9 (RLIN) 3470
856 42 - ELECTRONIC LOCATION AND ACCESS
Materials specified Publisher description
Uniform Resource Identifier <a href="http://www.loc.gov/catdir/enhancements/fy0650/99040300-d.html">http://www.loc.gov/catdir/enhancements/fy0650/99040300-d.html</a>
906 ## - LOCAL DATA ELEMENT F, LDF (RLIN)
a 7
b cbc
c orignew
d 1
e ocip
f 19
g y-gencatlg
942 ## - ADDED ENTRY ELEMENTS (KOHA)
Source of classification or shelving scheme Library of Congress Classification
Koha item type Monograph ( Printed materials)
Holdings
Withdrawn status Lost status Source of classification or shelving scheme Damaged status Not for loan Home library Current library Date acquired Total Checkouts Full call number Barcode Date last seen Price effective from Koha item type
    Library of Congress Classification     ARRUPE LIBRARY ARRUPE LIBRARY 07/11/2013   DT515.45.I33 A35 2000 46410939 28/04/2025 07/11/2013 Monograph ( Printed materials)

 

Arrupe Library. PO Box MP320 Mt Pleasant, Harare, Zimbabwe
263 242 745411|librarian@aju.ac.zw